| 000 | 00509nam a22001697a 4500 | ||
|---|---|---|---|
| 008 | 230321b |||||||| |||| 00| 0 eng d | ||
| 040 |
_aNational Science Library _cNational Science Library |
||
| 080 |
_aD 681.3 _bK22 |
||
| 245 | _aOptical character recognition | ||
| 260 |
_aWashington: _bMcgregor & Werner Inc., _c1962 |
||
| 300 | _aviii, 412p. | ||
| 650 | _aComputer science | ||
| 653 | _aDigital science | ||
| 700 | _aFischer, George (Ed.) | ||
| 700 | _aPollock, Donald K (Ed.) | ||
| 942 |
_2udc _cBK |
||
| 999 |
_c11570 _d11570 |
||